[Event "XI GRAN TORNEO INTERNACIONAL AFICIONADOS"]
[Site "Benidorm (Alicante - SPAIN)"]
[Date "2012.12.05"]
[Round "6"]
[White "Suarez Uriel, Adrian"]
[Black "Belousov, Gennadiy"]
[Result "1-0"]
[WhiteElo "2241"]
[BlackElo "2206"]
[PlyCount "71"]
[EventDate "2012.11.30"]
[EventRounds "10"]
[EventCountry "ESP"]

1. e4 d6 2. d4 Nf6 3. Nc3 Nbd7 4. Nf3 e5 5. Bc4 Be7 6. O-O O-O 7. Re1 c6 8. a4
b6 9. Ba2 a6 10. h3 Bb7 11. dxe5 dxe5 12. Nh4 Nc5 13. Nf5 Bc8 14. Qf3 Be6 15.
b4 Ncd7 16. Ne2 Bxa2 17. Rxa2 g6 18. Bh6 Re8 19. c3 Bf8 20. Bxf8 Rxf8 21. Nd6
Qe7 22. Rd2 a5 23. Ng3 axb4 24. cxb4 Kh8 25. Qb3 c5 26. Red1 cxb4 27. Qxb4 Nc5
28. Qxb6 Nxa4 29. Qe3 Ra6 30. Ndf5 gxf5 31. Nxf5 Qa7 32. Qh6 Rg8 33. Rd8 Ne8
34. Rxe8 Rxh6 35. Rxg8+ Kxg8 36. Rd8# 1-0

[Event "XI GRAN TORNEO INTERNACIONAL AFICIONADOS"]
[Site "Benidorm (Alicante - SPAIN)"]
[Date "2012.12.05"]
[Round "6"]
[White "Sokalsky, Alexander"]
[Black "Goormachtigh, Johan"]
[Result "1/2-1/2"]
[WhiteElo "2230"]
[BlackElo "2187"]
[PlyCount "93"]
[EventDate "2012.11.30"]
[EventRounds "10"]
[EventCountry "ESP"]

1. Nf3 Nf6 2. c4 g6 3. g3 Bg7 4. Bg2 O-O 5. O-O d5 6. d4 dxc4 7. Na3 Nc6 8.
Nxc4 Be6 9. b3 Bd5 10. Bb2 a5 11. Nce5 Nxe5 12. dxe5 Ne4 13. Ng5 Nxg5 14. Bxd5
c6 15. Bg2 Qc7 16. f4 Ne6 17. Qc2 Qb6+ 18. Kh1 Rad8 19. Rad1 Nd4 20. Bxd4 Rxd4
21. Rxd4 Qxd4 22. Rd1 Qb4 23. Qd2 Ra8 24. Bf3 e6 25. Kg2 Bf8 26. Qd7 Qb6 27. h4
a4 28. bxa4 Rxa4 29. Qe8 Rd4 30. Rxd4 Qxd4 31. h5 Qb4 32. hxg6 hxg6 33. Qd8 Qe7
34. Qc8 Qb4 35. a4 Kg7 36. Qa8 Bc5 37. a5 Qb1 38. Qd8 Qg1+ 39. Kh3 Qf1+ 40. Kg4
Qg1 41. Qf6+ Kg8 42. Qd8+ Bf8 43. Kh3 Qf1+ 44. Kh2 Qf2+ 45. Kh3 Qf1+ 46. Kh2
Qf2+ 47. Kh3 1/2-1/2

[Event "XI GRAN TORNEO INTERNACIONAL AFICIONADOS"]
[Site "Benidorm (Alicante - SPAIN)"]
[Date "2012.12.05"]
[Round "6"]
[White "Tscharotschkin, Michael"]
[Black "Sos Andreu, Eric"]
[Result "1/2-1/2"]
[WhiteElo "2219"]
[BlackElo "2144"]
[PlyCount "45"]
[EventDate "2012.11.30"]
[EventRounds "10"]
[EventCountry "ESP"]

1. Nf3 c5 2. e4 d6 3. c3 Nf6 4. d3 Nc6 5. g3 g6 6. Bg2 Bg7 7. O-O O-O 8. Nbd2
Rb8 9. a4 a6 10. Nc4 b5 11. axb5 axb5 12. Ne3 b4 13. Bd2 bxc3 14. bxc3 Ng4 15.
Nc4 Be6 16. Qa4 Nge5 17. Ncxe5 Nxe5 18. Nxe5 dxe5 19. Be3 Qxd3 20. Bxc5 Qxc3
21. Bxe7 Rfe8 22. Bg5 Qb4 23. Qxb4 1/2-1/2

[Event "XI GRAN TORNEO INTERNACIONAL AFICIONADOS"]
[Site "Benidorm (Alicante - SPAIN)"]
[Date "2012.12.05"]
[Round "6"]
[White "Santagati, Alessandro"]
[Black "Cruz Lledo, Pablo"]
[Result "1-0"]
[WhiteElo "2210"]
[BlackElo "2281"]
[PlyCount "83"]
[EventDate "2012.11.30"]
[EventRounds "10"]
[EventCountry "ESP"]

1. e4 d5 2. Nc3 d4 3. Nce2 b6 4. c3 Bb7 5. Nxd4 Bxe4 6. Ngf3 e6 7. Ne5 c6 8. d3
Bd5 9. c4 Bb4+ 10. Bd2 Bxd2+ 11. Qxd2 c5 12. cxd5 cxd4 13. dxe6 fxe6 14. Be2
Nf6 15. Bf3 Nd5 16. Bxd5 Qxd5 17. Qf4 Rf8 18. Qg3 Nd7 19. Nc4 Kf7 20. O-O b5
21. Nd6+ Kg8 22. Rac1 Rf6 23. Ne4 Rg6 24. Qc7 e5 25. g3 h5 26. h4 Re8 27. Qxa7
Nf8 28. Rc5 Qd8 29. Ng5 Rxg5 30. hxg5 Qxg5 31. Qb7 h4 32. Qd5+ Kh7 33. Qe4+ Ng6
34. Kg2 hxg3 35. fxg3 Qd2+ 36. Rf2 Qg5 37. Rc6 Re7 38. Rxg6 Qxg6 39. Qh4+ Kg8
40. Qxe7 Qc6+ 41. Kh2 Qh6+ 42. Qh4 1-0

[Event "XI GRAN TORNEO INTERNACIONAL AFICIONADOS"]
[Site "Benidorm (Alicante - SPAIN)"]
[Date "2012.12.05"]
[Round "6"]
[White "Ibarra Jerez, Juan Miguel"]
[Black "Cano Gimenez, Vicente"]
[Result "1/2-1/2"]
[WhiteElo "2278"]
[BlackElo "2213"]
[PlyCount "80"]
[EventDate "2012.11.30"]
[EventRounds "10"]
[EventCountry "ESP"]

1. e4 c5 2. Nf3 g6 3. d4 cxd4 4. Nxd4 Nc6 5. Nc3 Bg7 6. Be3 Nf6 7. Bc4 Qa5 8.
O-O O-O 9. Nb3 Qc7 10. Bg5 e6 11. Be2 b6 12. Qd2 a6 13. Rad1 Bb7 14. f4 d5 15.
Bxf6 Bxf6 16. exd5 Bxc3 17. Qxc3 exd5 18. Bf3 Rac8 19. Bxd5 Na5 20. Qxc7 Rxc7
21. Nxa5 Bxd5 22. Rxd5 bxa5 23. Rf2 Rb8 24. c3 Rcb7 25. Rxa5 Rxb2 26. Rxb2 Rxb2
27. Rxa6 Rc2 28. g4 Rxc3 29. Kf2 h5 30. gxh5 gxh5 31. a4 Kg7 32. a5 h4 33. Rb6
Rc2+ 34. Kf3 Rxh2 35. a6 Ra2 36. Kg4 Ra4 37. Rc6 h3 38. Kxh3 Rxf4 39. a7 Ra4
40. Rc7 Kg6 1/2-1/2

[Event "XI GRAN TORNEO INTERNACIONAL AFICIONADOS"]
[Site "Benidorm (Alicante - SPAIN)"]
[Date "2012.12.05"]
[Round "6"]
[White "Diaz Velandia, Jose Manuel"]
[Black "Mingarro Carceller, Sergi"]
[Result "0-1"]
[WhiteElo "2261"]
[BlackElo "2189"]
[PlyCount "78"]
[EventDate "2012.11.30"]
[EventRounds "10"]
[EventCountry "ESP"]

1. d4 f5 2. Bg5 h6 3. Bd2 Nf6 4. Nf3 d6 5. Nh4 e5 6. Ng6 Rg8 7. dxe5 dxe5 8.
Nxe5 Bc5 9. e3 Be6 10. Be2 Qd6 11. Bc3 Nd5 12. Nd3 Bb6 13. Be5 Qe7 14. c4 Nf6
15. Qc2 Nbd7 16. Nd2 O-O-O 17. Bxf6 Qxf6 18. O-O-O Qe7 19. Nb3 g5 20. Qc3 c6
21. Nb4 Nf6 22. Bf3 a5 23. Nxc6 bxc6 24. Nxa5 Ne4 25. Bxe4 fxe4 26. Rxd8+ Qxd8
27. Nxc6 Qc7 28. Ne5 Rf8 29. f3 Rf5 30. Ng4 exf3 31. gxf3 Rxf3 32. c5 Bxg4 33.
cxb6 Qxc3+ 34. bxc3 Rxe3 35. h4 Bf3 36. Rg1 g4 37. Kd2 Re6 38. Rb1 Kb7 39. Rb4
g3 0-1

[Event "XI GRAN TORNEO INTERNACIONAL AFICIONADOS"]
[Site "Benidorm (Alicante - SPAIN)"]
[Date "2012.12.05"]
[Round "6"]
[White "Gallardo Fernandez, Cesar"]
[Black "Sanchez Botella, Luis Javier"]
[Result "1-0"]
[WhiteElo "2201"]
[BlackElo "2253"]
[PlyCount "91"]
[EventDate "2012.11.30"]
[EventRounds "10"]
[EventCountry "ESP"]

1. e4 c5 2. c3 d5 3. exd5 Qxd5 4. d4 Nf6 5. Nf3 Nc6 6. dxc5 Qxd1+ 7. Kxd1 e6 8.
b4 a5 9. b5 Nb8 10. Be3 Ne4 11. c6 bxc6 12. a4 c5 13. Nfd2 Nf6 14. Nb3 Ng4 15.
N1d2 Nxe3+ 16. fxe3 Bb7 17. Nc4 Nd7 18. Kc2 Be7 19. Nbxa5 Bd5 20. Bd3 O-O 21.
e4 Bd8 22. exd5 exd5 23. Nc6 dxc4 24. Bf5 Nf6 25. Nxd8 Rfxd8 26. Rhd1 g6 27.
Rxd8+ Rxd8 28. Bh3 Nd5 29. Re1 Ra8 30. Re5 Nb6 31. Rxc5 Rxa4 32. Rc6 Nd5 33. b6
Ra2+ 34. Kc1 Nxb6 35. Rxb6 f5 36. Rb4 Kf7 37. Rxc4 Kf6 38. Rd4 h5 39. Rd2 Ra1+
40. Kc2 Rh1 41. c4 g5 42. g3 h4 43. g4 Rg1 44. gxf5 g4 45. Rg2 Re1 46. Bxg4 1-0

[Event "XI GRAN TORNEO INTERNACIONAL AFICIONADOS"]
[Site "Benidorm (Alicante - SPAIN)"]
[Date "2012.12.05"]
[Round "6"]
[White "Alonso Alvarez, Aitor"]
[Black "Bajo Gutierrez, Ignacio"]
[Result "0-1"]
[WhiteElo "2196"]
[BlackElo "2252"]
[PlyCount "60"]
[EventDate "2012.11.30"]
[EventRounds "10"]
[EventCountry "ESP"]

1. e4 e6 2. Nf3 d5 3. Nc3 Nf6 4. e5 Nfd7 5. d4 c5 6. dxc5 Bxc5 7. Bd3 Nc6 8.
Bf4 a6 9. O-O h6 10. Qe2 O-O 11. a3 b5 12. Rfe1 Bb7 13. Qd2 f5 14. exf6 Qxf6
15. Bg3 Rae8 16. Bf1 Kh8 17. b4 Ba7 18. a4 Nd4 19. axb5 Qxf3 20. b6 Bxb6 21.
Na4 Ba7 22. Nc5 Bxc5 23. bxc5 Qf6 24. Bxa6 Bxa6 25. Rxa6 Nxc5 26. Ra5 Ne4 27.
Rxe4 dxe4 28. Be5 e3 29. Qxe3 Nxc2 30. Qg3 Qg5 0-1

[Event "XI GRAN TORNEO INTERNACIONAL AFICIONADOS"]
[Site "Benidorm (Alicante - SPAIN)"]
[Date "2012.12.05"]
[Round "6"]
[White "Dos Santos De Oliveira, Sancho"]
[Black "Lacrosse, Marc"]
[Result "1-0"]
[WhiteElo "2242"]
[BlackElo "2163"]
[PlyCount "51"]
[EventDate "2012.11.30"]
[EventRounds "10"]
[EventCountry "ESP"]

1. e4 e5 2. Nf3 Nc6 3. Bb5 a6 4. Ba4 Nf6 5. O-O Nxe4 6. d4 b5 7. Bb3 d5 8. dxe5
Be6 9. Nbd2 Be7 10. c3 Nc5 11. Nd4 Nxd4 12. cxd4 Nxb3 13. Nxb3 a5 14. Qc2 Qd7
15. Be3 Bf5 16. Qc1 O-O 17. Bg5 f6 18. exf6 Bxf6 19. Bxf6 gxf6 20. Nc5 Qd6 21.
Qe3 Bg6 22. Rae1 Rae8 23. Qd2 b4 24. Rxe8 Bxe8 25. Re1 Bg6 26. Re3 {
irreproducible} 1-0

[Event "XI GRAN TORNEO INTERNACIONAL AFICIONADOS"]
[Site "Benidorm (Alicante - SPAIN)"]
[Date "2012.12.05"]
[Round "6"]
[White "Lorente Penalba, Diego"]
[Black "Serna Lara, Sergio"]
[Result "1-0"]
[WhiteElo "2148"]
[BlackElo "2230"]
[PlyCount "77"]
[EventDate "2012.11.30"]
[EventRounds "10"]
[EventCountry "ESP"]

1. e4 e6 2. d3 d5 3. Nd2 Nf6 4. g3 dxe4 5. dxe4 e5 6. Ngf3 Nbd7 7. Bg2 Bc5 8.
O-O O-O 9. Qe2 b6 10. b3 a5 11. Bb2 Ba6 12. Nc4 Qe7 13. Nfd2 Rfd8 14. Rad1 Ne8
15. Qh5 g6 16. Qh6 Nd6 17. Kh1 Nxc4 18. Nxc4 Bxc4 19. bxc4 Nf8 20. Rd5 f6 21.
f4 c6 22. fxe5 fxe5 23. Rxe5 Qc7 24. Bh3 Rd4 25. Rxc5 bxc5 26. Bxd4 cxd4 27.
Rxf8+ Rxf8 28. Be6+ Rf7 29. Qf4 Qe7 30. Bxf7+ Qxf7 31. Qxf7+ Kxf7 32. c5 g5 33.
g4 Ke6 34. Kg2 Ke5 35. Kf3 h6 36. a4 Kf6 37. Ke2 Ke6 38. Kd3 Ke5 39. h3 1-0

[Event "XI GRAN TORNEO INTERNACIONAL AFICIONADOS"]
[Site "Benidorm (Alicante - SPAIN)"]
[Date "2012.12.05"]
[Round "6"]
[White "Torres Ventosa, Pedro Eugenio"]
[Black "Parals Marce, Luis"]
[Result "1-0"]
[WhiteElo "2289"]
[BlackElo "2000"]
[PlyCount "99"]
[EventDate "2012.11.30"]
[EventRounds "10"]
[EventCountry "ESP"]

1. e4 e6 2. d4 d5 3. Nd2 Be7 4. Ngf3 Nf6 5. e5 Nfd7 6. Bd3 c5 7. c3 b6 8. Qe2
Nc6 9. a3 c4 10. Bc2 b5 11. Nf1 Nb6 12. Ng3 h6 13. Nh5 g6 14. Nf4 a5 15. Bd2
Ba6 16. Qd1 Kd7 17. O-O Qc7 18. Ne1 b4 19. axb4 axb4 20. Bxg6 fxg6 21. Qg4 Nd8
22. Qxg6 Bc8 23. Rxa8 Nxa8 24. cxb4 Kc6 25. Qg7 Rf8 26. Ng6 Rf7 27. Qxh6 Kb5
28. Nc2 Qd7 29. Qe3 Qb7 30. Ra1 Kc6 31. h4 Rh7 32. h5 Nb6 33. g4 Nf7 34. b5+
Kd7 35. Nb4 Bxb4 36. Bxb4 Ke8 37. Qa3 Ng5 38. f4 Ne4 39. Ba5 Nd7 40. Qb4 Rf7
41. f5 Nf8 42. f6 Nxf6 43. exf6 Rxf6 44. Ne5 Nd7 45. Bd8 Kxd8 46. Nc6+ Kc7 47.
Ra7 Qxa7 48. Nxa7 Rf4 49. Qa5+ Kb7 50. Qa6+ 1-0

[Event "XI GRAN TORNEO INTERNACIONAL AFICIONADOS"]
[Site "Benidorm (Alicante - SPAIN)"]
[Date "2012.12.05"]
[Round "6"]
[White "Jordan Martinez, Miguel"]
[Black "De La Cruz Sanchez, Carlos G"]
[Result "1-0"]
[WhiteElo "2147"]
[BlackElo "2288"]
[PlyCount "53"]
[EventDate "2012.11.30"]
[EventRounds "10"]
[EventCountry "ESP"]

1. e4 e6 2. d4 d5 3. Nd2 Nc6 4. Ngf3 Nf6 5. e5 Ne4 6. Bd3 Nxd2 7. Bxd2 Nb4 8.
Bxb4 Bxb4+ 9. c3 Be7 10. O-O c5 11. dxc5 Bxc5 12. Qa4+ Bd7 13. Qg4 g6 14. h4
Be7 15. h5 Qc7 16. Rac1 Bc6 17. c4 dxc4 18. Rxc4 Qb6 19. hxg6 hxg6 20. Rfc1 Rd8
21. Be4 Qxb2 22. Bxc6+ bxc6 23. Rxc6 Qxa2 24. Rc7 Kf8 25. Qf4 Qd5 26. Rxe7 f5
27. Qg5 1-0

[Event "XI GRAN TORNEO INTERNACIONAL AFICIONADOS"]
[Site "Benidorm (Alicante - SPAIN)"]
[Date "2012.12.05"]
[Round "6"]
[White "Lloret Ramis, Juan Jose"]
[Black "Monmeneu Chulia, Victor"]
[Result "1-0"]
[WhiteElo "2285"]
[BlackElo "2140"]
[PlyCount "65"]
[EventDate "2012.11.30"]
[EventRounds "10"]
[EventCountry "ESP"]

1. d4 Nf6 2. Bg5 e6 3. e4 h6 4. Bxf6 Qxf6 5. Nf3 d6 6. Nc3 g5 7. e5 Qe7 8. h3
Bg7 9. Bd3 Nc6 10. Qe2 a6 11. O-O-O d5 12. g4 Nb4 13. h4 gxh4 14. Rxh4 Bd7 15.
Rdh1 O-O-O 16. a3 Nxd3+ 17. Qxd3 Rdg8 18. Kb1 Kb8 19. Ne2 c5 20. Qe3 Bb5 21.
Nf4 Rc8 22. Nh5 cxd4 23. Nxd4 Qg5 24. Nxg7 Qxg7 25. f3 Rc4 26. b3 Rc7 27. Kb2
Rhc8 28. R1h2 Rc3 29. Qf4 Qf8 30. Rxh6 Qc5 31. Rh8 Be8 32. Qd2 a5 33. Rxe8 1-0

[Event "XI GRAN TORNEO INTERNACIONAL AFICIONADOS"]
[Site "Benidorm (Alicante - SPAIN)"]
[Date "2012.12.05"]
[Round "6"]
[White "Grau Brumos, Isidre"]
[Black "Martin Duque, Jesus"]
[Result "0-1"]
[WhiteElo "2132"]
[BlackElo "2251"]
[PlyCount "47"]
[EventDate "2012.11.30"]
[EventRounds "10"]
[EventCountry "ESP"]

1. Nf3 Nf6 2. d4 d5 3. e3 c6 4. Bd3 Bg4 5. Nbd2 e6 6. c3 Bd6 7. e4 dxe4 8. Nxe4
Nxe4 9. Bxe4 Nd7 10. h3 Bh5 11. Qe2 Qa5 12. b4 Qc7 13. O-O Nf6 14. Bc2 Nd5 15.
Bd2 O-O-O 16. Rfb1 Bf4 17. Bd1 Bxf3 18. gxf3 Qe7 19. Bxf4 Nxf4 20. Qe4 Qg5+ 21.
Kf1 f5 22. Qe3 Qh4 23. Qc1 Qxh3+ 24. Ke1 0-1

[Event "XI GRAN TORNEO INTERNACIONAL AFICIONADOS"]
[Site "Benidorm (Alicante - SPAIN)"]
[Date "2012.12.05"]
[Round "6"]
[White "Sanchez Barbado, Carlos"]
[Black "Cantero, Antonio"]
[Result "0-1"]
[WhiteElo "2132"]
[BlackElo "2251"]
[PlyCount "68"]
[EventDate "2012.11.30"]
[EventRounds "10"]
[EventCountry "ESP"]

1. e4 e5 2. Nf3 Nc6 3. Bb5 a6 4. Bxc6 dxc6 5. O-O Bd6 6. d4 Bg4 7. dxe5 Bxf3 8.
Qxf3 Bxe5 9. Nd2 Qh4 10. g3 Qh3 11. Nc4 Bd4 12. c3 Ba7 13. Be3 Bxe3 14. Nxe3
Ne7 15. Qf4 O-O 16. Qxc7 Ng6 17. Nf5 Rae8 18. Rfe1 Ne5 19. Nd4 Ng4 20. Nf3 Re6
21. Rad1 Rf6 22. Rd8 g6 23. Rxf8+ Kxf8 24. Qd8+ Kg7 25. Qd3 c5 26. e5 Rf5 27.
e6 Nxh2 28. Nxh2 Rh5 29. e7 Qxh2+ 30. Kf1 Qh1+ 31. Ke2 Re5+ 32. Qe3 Rxe3+ 33.
fxe3 Qe4 34. Rd1 Qxe7 0-1

[Event "XI GRAN TORNEO INTERNACIONAL AFICIONADOS"]
[Site "Benidorm (Alicante - SPAIN)"]
[Date "2012.12.05"]
[Round "6"]
[White "Villasenor Rubio, Emilio Jose"]
[Black "Do Santos Julio, Joao Manuel"]
[Result "1-0"]
[WhiteElo "2217"]
[BlackElo "2087"]
[PlyCount "109"]
[EventDate "2012.11.30"]
[EventRounds "10"]
[EventCountry "ESP"]

1. e4 c5 2. Nf3 e6 3. d4 cxd4 4. Nxd4 Nf6 5. Nc3 d5 6. exd5 Nxd5 7. Bb5+ Bd7 8.
Nxd5 exd5 9. O-O Be7 10. Qf3 Nc6 11. Qxd5 Nxd4 12. Bxd7+ Qxd7 13. Qxd7+ Kxd7
14. Rd1 Bf6 15. Be3 Ke7 16. Bxd4 Bxd4 17. Rxd4 Rhd8 18. Re1+ Kf8 19. Red1 Rxd4
20. Rxd4 Rc8 21. c3 Ke7 22. Kf1 Rc6 23. Ke2 Ra6 24. a4 Rh6 25. h3 Rc6 26. Kd3
Rf6 27. Ke3 Rc6 28. Rh4 h6 29. Rd4 b6 30. Rg4 g6 31. Rh4 h5 32. Rd4 Rc5 33. h4
Ke6 34. g3 f6 35. Kd3 Rf5 36. f4 Rc5 37. b4 Rc7 38. Rc4 Rd7+ 39. Ke4 Rd6 40.
Rc7 a6 41. c4 f5+ 42. Ke3 Kf6 43. c5 Re6+ 44. Kd3 a5 45. cxb6 Rxb6 46. b5 Rd6+
47. Kc4 Rd1 48. b6 Rb1 49. Kc5 Ke6 50. Rc6+ Kd7 51. Rxg6 Rb4 52. Rg7+ Kc8 53.
Kc6 Rc4+ 54. Kb5 Re4 55. Kxa5 1-0

[Event "XI GRAN TORNEO INTERNACIONAL AFICIONADOS"]
[Site "Benidorm (Alicante - SPAIN)"]
[Date "2012.12.05"]
[Round "6"]
[White "Jensen, Stein"]
[Black "Jove Grau, Lluis"]
[Result "1/2-1/2"]
[WhiteElo "2114"]
[BlackElo "2217"]
[PlyCount "33"]
[EventDate "2012.11.30"]
[EventRounds "10"]
[EventCountry "ESP"]

1. c4 f5 2. g3 Nf6 3. Bg2 e5 4. d3 Bb4+ 5. Bd2 Bxd2+ 6. Qxd2 O-O 7. Nc3 d6 8.
e3 c6 9. Nge2 a5 10. d4 e4 11. h4 Nbd7 12. Nf4 Qe7 13. Bf1 Ng4 14. Be2 Ndf6 15.
d5 Rd8 16. Kf1 Ne5 17. Kg2 1/2-1/2

[Event "XI GRAN TORNEO INTERNACIONAL AFICIONADOS"]
[Site "Benidorm (Alicante - SPAIN)"]
[Date "2012.12.05"]
[Round "6"]
[White "Gonzalez Aguirre, Luis"]
[Black "Alberto, Manuel"]
[Result "1-0"]
[WhiteElo "2110"]
[BlackElo "2176"]
[PlyCount "93"]
[EventDate "2012.11.30"]
[EventRounds "10"]
[EventCountry "ESP"]

1. d4 Nf6 2. Nf3 d5 3. c4 c6 4. cxd5 cxd5 5. Nc3 Nc6 6. Bf4 a6 7. Rc1 e6 8. e3
Bd6 9. Bg3 O-O 10. Bd3 Qe7 11. Ne5 Nd7 12. f4 f5 13. O-O Nd8 14. Na4 Bxe5 15.
fxe5 b5 16. Nc5 Nb7 17. Nxd7 Bxd7 18. Qd2 Rfc8 19. Rxc8+ Rxc8 20. Rc1 Qd8 21.
Be1 a5 22. Rxc8 Qxc8 23. Qd1 Qd8 24. Bd2 a4 25. Bb4 Na5 26. Qe2 Nc4 27. b3 axb3
28. axb3 Na5 29. Qa2 Nc6 30. Bc5 Qa5 31. Qxa5 Nxa5 32. Bc2 Kf7 33. Kf2 Nc6 34.
Ke1 Kg6 35. Kd2 Kh5 36. Bd3 g5 37. Kc3 g4 38. Bxb5 Nxe5 39. Bxd7 Nxd7 40. b4
Kg5 41. b5 f4 42. exf4+ Kxf4 43. b6 Ke3 44. b7 Kf2 45. g3 Kg2 46. Bd6 Kxh2 47.
Kb4 1-0

[Event "XI GRAN TORNEO INTERNACIONAL AFICIONADOS"]
[Site "Benidorm (Alicante - SPAIN)"]
[Date "2012.12.05"]
[Round "6"]
[White "Murcia Paredes, Angel"]
[Black "Pique Safont, Joan Manel"]
[Result "1-0"]
[WhiteElo "2163"]
[BlackElo "2017"]
[PlyCount "75"]
[EventDate "2012.11.30"]
[EventRounds "10"]
[EventCountry "ESP"]

1. e4 d5 2. exd5 Qxd5 3. Nc3 Qa5 4. d4 Nf6 5. Nf3 Bf5 6. Bc4 e6 7. Bd2 c6 8.
Qe2 Bb4 9. O-O O-O 10. a3 Bxc3 11. Bxc3 Qc7 12. Bd2 Bxc2 13. Bb4 c5 14. Bxc5
Rc8 15. Qxc2 b6 16. b4 bxc5 17. dxc5 a5 18. h3 h6 19. Rab1 Nbd7 20. Rfc1 Qf4
21. Qd2 Qc7 22. Nd4 axb4 23. axb4 Qe5 24. Nf3 Qf5 25. Qe3 Rab8 26. Nd4 Qg6 27.
Bd3 Qh5 28. c6 Nd5 29. cxd7 Rd8 30. Qg3 Ra8 31. Be2 Qg5 32. Qxg5 hxg5 33. Bb5
e5 34. Nf5 Rab8 35. Rc5 Nc3 36. Rxc3 Rxb5 37. Rd1 Rbb8 38. Rc8 1-0

[Event "XI GRAN TORNEO INTERNACIONAL AFICIONADOS"]
[Site "Benidorm (Alicante - SPAIN)"]
[Date "2012.12.05"]
[Round "6"]
[White "Picazo Lopez, Juan Antonio"]
[Black "Collier, David O"]
[Result "1-0"]
[WhiteElo "2191"]
[BlackElo "2098"]
[PlyCount "52"]
[EventDate "2012.11.30"]
[EventRounds "10"]
[EventCountry "ESP"]

1. d4 Nf6 2. c4 e6 3. Nc3 Bb4 4. e3 O-O 5. Bd3 c5 6. Nge2 Nc6 7. O-O d5 8. cxd5
exd5 9. a3 Bxc3 10. bxc3 Re8 11. f3 Bd7 12. Kh1 Rc8 13. Ra2 Na5 14. a4 c4 15.
Bc2 h6 16. Ng3 Re6 17. e4 Nb3 18. e5 Nxc1 19. Qxc1 Ne8 20. f4 Rb6 21. h3 Qh4
22. Kh2 g6 23. f5 Ng7 24. Qf4 Qg5 25. Qf3 gxf5 26. Nxf5 Re8 {irreproducible}
1-0

[Event "XI GRAN TORNEO INTERNACIONAL AFICIONADOS"]
[Site "Benidorm (Alicante - SPAIN)"]
[Date "2012.12.06"]
[Round "7"]
[White "Tejedor Fuentes, Enrique"]
[Black "Ustianovich, Nazar"]
[Result "0-1"]
[WhiteElo "2297"]
[BlackElo "2264"]
[PlyCount "92"]
[EventDate "2012.11.30"]
[EventRounds "10"]
[EventCountry "ESP"]

1. e4 c6 2. Nc3 d5 3. Nf3 Bg4 4. h3 Bxf3 5. Qxf3 Nf6 6. d3 e6 7. Bd2 Qb6 8. Rb1
Nbd7 9. g4 Bb4 10. a3 Bd6 11. Na4 Qc7 12. Nc3 Ne5 13. Qe2 d4 14. Nd1 Ng6 15. g5
Nd7 16. c3 c5 17. cxd4 cxd4 18. Rc1 Qb8 19. h4 Nf4 20. Qf3 Ne5 21. Qg3 Neg6 22.
h5 Ne7 23. Qf3 O-O 24. Rh4 e5 25. Bh3 Qd8 26. Kf1 Nc6 27. Rg4 a5 28. Kg1 Nxh5
29. Rh4 Nf4 30. Bxf4 exf4 31. Qh5 h6 32. Rxc6 bxc6 33. Rg4 Kh8 34. Bg2 Qe7 35.
b3 Rab8 36. gxh6 g6 37. Qxa5 Rxb3 38. Qa4 Rxd3 39. Nb2 Rxa3 40. Qxc6 Ra1+ 41.
Bf1 Qe6 42. Rg5 Rc8 43. Qd5 Be7 44. Re5 Qg4+ 45. Kh2 Rxf1 46. Qxf7 Rxf2+ 0-1

[Event "XI GRAN TORNEO INTERNACIONAL AFICIONADOS"]
[Site "Benidorm (Alicante - SPAIN)"]
[Date "2012.12.06"]
[Round "7"]
[White "Suarez Uriel, Adrian"]
[Black "Martin Rueda, Daniel"]
[Result "0-1"]
[WhiteElo "2241"]
[BlackElo "2290"]
[PlyCount "68"]
[EventDate "2012.11.30"]
[EventRounds "10"]
[EventCountry "ESP"]

1. e4 c5 2. Ne2 e6 3. d4 cxd4 4. Nxd4 a6 5. Nc3 b5 6. Bd3 Qb6 7. Nb3 Nc6 8. Be3
Qb8 9. O-O Nf6 10. f4 d6 11. Kh1 Be7 12. Qf3 Bb7 13. Rae1 O-O 14. Qh3 Nb4 15.
e5 Nxd3 16. exf6 Nxe1 17. fxe7 Bxg2+ 18. Qxg2 Nxg2 19. exf8=Q+ Kxf8 20. Kxg2
Qb7+ 21. Kg3 b4 22. Ne2 Qe4 23. Kf2 Qxc2 24. Bd4 Qf5 25. Rg1 f6 26. Kg3 Qd3+
27. Kf2 Rc8 28. Rc1 Rc2 29. Rxc2 Qxc2 30. Nbc1 e5 31. fxe5 fxe5 32. Be3 Qxb2
33. Nd3 Qxa2 34. Nxb4 Qc4 0-1

[Event "XI GRAN TORNEO INTERNACIONAL AFICIONADOS"]
[Site "Benidorm (Alicante - SPAIN)"]
[Date "2012.12.06"]
[Round "7"]
[White "Bajo Gutierrez, Ignacio"]
[Black "Ivanov, Borislav"]
[Result "0-1"]
[WhiteElo "2252"]
[BlackElo "2201"]
[PlyCount "99"]
[EventDate "2012.11.30"]
[EventRounds "10"]
[EventCountry "ESP"]

1. d4 Nf6 2. Nf3 g6 3. c4 Bg7 4. g3 O-O 5. Bg2 d5 6. cxd5 Nxd5 7. Nc3 Nxc3 8.
bxc3 c5 9. e3 Nc6 10. O-O Be6 11. Re1 Rc8 12. Qa4 Qa5 13. Qxa5 Nxa5 14. Ng5 Bd7
15. f4 b6 16. Nf3 Bc6 17. Kf2 Bd5 18. e4 Bb7 19. Ne5 cxd4 20. cxd4 Rc2+ 21. Re2
Rfc8 22. Ba3 Rxe2+ 23. Kxe2 Rc2+ 24. Kf1 f6 25. Ng4 f5 26. Ne5 Bxe5 27. dxe5
Nc4 28. Bc1 Bxe4 29. Bxe4 fxe4 30. Kg1 Kf7 31. a4 Ke6 32. g4 Kd5 33. Ba3 e6 34.
Rd1+ Rd2 35. Rxd2+ Nxd2 36. Kf2 Kd4 37. Ke2 e3 38. f5 gxf5 39. gxf5 Kxe5 40.
fxe6 Kxe6 41. Bb4 Nc4 42. Bc3 Kd5 43. Kd3 a6 44. h3 b5 45. axb5 axb5 46. Bb4
Ke5 47. h4 h5 48. Be1 Kf4 49. Kc3 e2 50. Kd4 0-1

[Event "XI GRAN TORNEO INTERNACIONAL AFICIONADOS"]
[Site "Benidorm (Alicante - SPAIN)"]
[Date "2012.12.06"]
[Round "7"]
[White "Ballesteros Gonzalez, David"]
[Black "Dos Santos De Oliveira, Sancho"]
[Result "1-0"]
[WhiteElo "2215"]
[BlackElo "2242"]
[PlyCount "109"]
[EventDate "2012.11.30"]
[EventRounds "10"]
[EventCountry "ESP"]

1. d4 d5 2. c4 c6 3. Nc3 Nf6 4. Nf3 e6 5. e3 Nbd7 6. Bd2 Bd6 7. Bd3 O-O 8. O-O
Re8 9. h3 dxc4 10. Bxc4 e5 11. Qb3 Qe7 12. Ng5 Rf8 13. f4 e4 14. Qc2 Nb6 15.
Bb3 h6 16. Ngxe4 Bf5 17. Nxf6+ Qxf6 18. Qd1 Qg6 19. Qf3 Bb4 20. Kh2 Bxc3 21.
bxc3 h5 22. Qg3 Qh7 23. Qh4 a5 24. Bd1 Nc4 25. Rf2 Rfe8 26. Qxh5 Nxd2 27. Qxh7+
Bxh7 28. Rxd2 Rxe3 29. Rc1 Rae8 30. Bf3 Be4 31. Bxe4 R8xe4 32. Rf2 Kf8 33. a4
Ke8 34. Rb2 Re7 35. Kg1 Kd8 36. Kf2 R3e4 37. g3 Kc8 38. Rcc2 Rd7 39. Re2 Rxe2+
40. Kxe2 Rd5 41. Kd3 Rh5 42. h4 Rh6 43. f5 Rh5 44. Ke4 Rh8 45. Kd3 Rh5 46. Rf2
Kc7 47. f6 gxf6 48. Rxf6 Rh7 49. Rf5 Rg7 50. Rf3 b5 51. axb5 cxb5 52. h5 a4 53.
h6 Rh7 54. Rf6 Kb7 55. Kc2 1-0

[Event "XI GRAN TORNEO INTERNACIONAL AFICIONADOS"]
[Site "Benidorm (Alicante - SPAIN)"]
[Date "2012.12.06"]
[Round "7"]
[White "Lopez Del Alamo, Antonio"]
[Black "Gallardo Fernandez, Cesar"]
[Result "0-1"]
[WhiteElo "2241"]
[BlackElo "2201"]
[PlyCount "90"]
[EventDate "2012.11.30"]
[EventRounds "10"]
[EventCountry "ESP"]

1. e4 d6 2. Nf3 Nf6 3. Nc3 e5 4. d4 Nbd7 5. Bc4 Be7 6. O-O O-O 7. Re1 c6 8. a4
b6 9. b3 Bb7 10. Bb2 a6 11. Bd3 b5 12. Ne2 Qc7 13. Ng3 g6 14. Qd2 Rfe8 15. c4
b4 16. d5 Nc5 17. Bc2 a5 18. Rad1 Rad8 19. Rf1 h5 20. Ng5 h4 21. Ne2 Nh5 22. g3
Bc8 23. f4 f6 24. Nf3 hxg3 25. hxg3 cxd5 26. exd5 e4 27. Nh4 Qd7 28. f5 gxf5
29. Nxf5 Kf7 30. Ned4 Nxg3 31. Qg2 Nxf5 32. Nxf5 Qxf5 33. Rxf5 Bxf5 34. Rf1 Rg8
35. Rxf5 Rxg2+ 36. Kxg2 Kg6 37. Rf1 f5 38. Bd4 Nd7 39. Rh1 Bf6 40. Be3 Rh8 41.
Rg1 Be5 42. Kf2+ Kf7 43. Bc1 Bd4+ 44. Kf1 Bxg1 45. Kxg1 Ne5 0-1